000 00413nam a2200181Ia 4500
008 170918s9999 xx 000 0 und d
020 _a9780590032490
050 _bD131 1983
100 _aDahl, Roald
245 4 _aThe witches /
245 _cby Roald Dahl.
260 _aNew York :
260 _bScholastic,
260 _c1983
300 _a206 pages :
300 _billustrations ;
300 _c19cm.
999 _c343562
_d343562